| 000 | 00799nam a22002417a 4500 | ||
|---|---|---|---|
| 003 | BUBTL | ||
| 008 | 230104b ||||| |||| 00| 0 eng d | ||
| 020 | _a9781405832786 | ||
| 082 | _a821.4/ M642p/ 2007 | ||
| 100 |
_94950 _aMilton, John |
||
| 245 |
_aParadise Lost / _cJohn Milton, Alastair Fowler |
||
| 250 | _a2nd Edn | ||
| 260 |
_aLondon: _bRoutledge Taylor & Francis Group, _cc2007 |
||
| 300 |
_axxviii,1100 p.: _c25 cm. |
||
| 440 |
_95126 _aLongman Annotated English Poets |
||
| 500 | _aIncludes bibliographical references | ||
| 505 | _aParadise Lost, John Milton, Alastair Fowler, English, English Literature | ||
| 650 | 0 |
_91994 _aEnglish Literature |
|
| 700 |
_95136 _aFowler, Alastair |
||
| 856 |
_k0 _l0 _yDownload |
||
| 942 |
_2ddc _cBK |
||
| 999 |
_c6896 _d6896 |
||